LEADER 01186nam a2200277 i 4500 001 000000158105 003 CaOOAMICUS 005 20070129000000.0 008 070129s2006 it u000 u ita u 013 $a135468 020 $a88-10-40578-1 040 $aSeMil$bita 100 1 $aMeloni, Giuseppe <1972- >.$0(OLS)http://semarc/name/42322 245 13$aLo Spirito santo in Karl Barth /$cGiuseppe Meloni. 260 $aBologna :$bEDB,$c2006. 300 $a296 p. ;$c22 cm. 490 0 $aNuovi saggi teologici : collana interconfessionale per la promozione della ricerca teologica ;$v67 500 $aContiene : Bibliografia. 650 4$aBarth, Karl <1886-1968> - Pensiero teologico.$0(OLS)http://semarc/subject/7293 830 0$aNuovi saggi teologici ;$v67.$0(OLS)http://semarc/title/422386 850 $aSeMil 852 $aSeMil$W1$xVenegono$y1$m2LA N 67$j263491$B109776$CSeMilBibl$Z2$F119343 $81 961 $aSottoscrizione: Cittą Nuova (Agente) 996 $6020$a88-10-40578-1$9(OLS)http://semarc/number/148600 996 $6245$aLo Spirito santo in Karl Barth$9(OLS)http://semarc/title/231978 996 $6260$aBologna :$bEDB$9(OLS)http://semarc/publisher/29669 LEADER 01041nam a2200253 i 4500 001 000000093057 003 CaOOAMICUS 005 20240709122304.0 008 180830s1977 xx u000 u und u 040 $aSeMil$bita 100 0 $aLucianus : Samosatensis,$d.$0(OLS)http://semarc/name/3585 245 10$aRacconti fantastici /$cLuciano. 260 $aMilano :$bGarzanti,$c1977. 264 1$aMilano :$bGarzanti,$c1977. 300 $aXXV, 205 p. ;$c18 cm 490 1 $aI Garzanti - I Grandi Libri ;$v180 650 4$aLuciano : di Samostata - Opere.$0(OLS)http://semarc/subject/4287 830 2$aI grandi libri Garzanti ;$v180.$0(OLS)http://semarc/title/9892 850 $aSeMil 852 $aSeMil$W1$xVenegono$y1$m60 14 180 *$j55831$B55831$CSeMilBibl$Z2$F60658 $81 996 $6245$aRacconti fantastici$9(OLS)http://semarc/title/449157 996 $6260$aMilano :$bGarzanti$9(OLS)http://semarc/publisher/29852 996 $6264$aMilano :$bGarzanti$9(OLS)http://semarc/publisher/29852